header

The official Luxology modo guide (Record no. 232474)

MARC details
000 -LEADER
fixed length control field 01172nam a2200301Ia 4500
100 1# - MAIN ENTRY--AUTHOR NAME
Personal name Ablan, Dan.
245 14 - TITLE STATEMENT
Title The official Luxology modo guide
260 ## - PUBLICATION, DISTRIBUTION, ETC. (IMPRINT)
Place of publication Boston :
Name of publisher Course Technology PTR,
Year of publication c2007.
300 ## - PHYSICAL DESCRIPTION
Number of Pages xviii, 368 p. :
Other physical details ill.
500 ## - GENERAL NOTE
General note Includes index.
650 #0 - SUBJECT ADDED ENTRY--TOPICAL TERM
Topical Term Three-dimensional display systems
856 40 - ELECTRONIC LOCATION AND ACCESS
Uniform Resource Identifier http://site.ebrary.com/lib/rucke/Doc?id=10185718

No items available.

© 2026 Rongo University
Contact us: librarian | system librarian | Rongo university